000 01060cam a2200313 4500
999 _c529327
_d529327
001 4568498
003 NUST
005 20190924124327.0
008 740626s1974 dcua b 000 0 eng
010 _a 74003532
020 _a0309022061
038 _aMSOHAIL
040 _aDLC
_cDLC
_dDLC
043 _an-us---
050 0 0 _aTE192
_b.N4 1974
082 0 0 _a625.7072073
110 2 _aNational Research Council (U.S.).
_bHighway Research Board.
_920721
245 1 0 _aGetting research findings into practice.
260 _a[Washington]
_c1974.
300 _a24 p.
_billus.
_c28 cm.
350 _a$3.20
440 0 _aSynthesis of highway practice ;
_v23
_921201
500 _a"Project 20-5 FY '71."
500 _a"Research sponsored by the American Association of State Highway and Transportation Officials in cooperation with the Federal Highway Administration."
504 _aIncludes bibliographical references.
650 0 _aHighway research
_zUnited States.
_920088
906 _a7
_bcbc
_corignew
_d2
_eocip
_f19
_gy-gencatlg
942 _2ddc
_cBK